Library Banner

Happy habits : (Record no. 140225)

MARC details
000 -LEADER
fixed length control field 00589nam a22002177a 4500
005 - DATE AND TIME OF LATEST TRANSACTION
control field 20260326104352.0
008 - FIXED-LENGTH DATA ELEMENTS--GENERAL INFORMATION
fixed length control field 260326b |||||||| |||| 00| 0 eng d
020 ## - INTERNATIONAL STANDARD BOOK NUMBER
International Standard Book Number 9780241771464
040 ## - CATALOGING SOURCE
Transcribing agency PK-LaUMT
082 ## - DEWEY DECIMAL CLASSIFICATION NUMBER
Classification number 152.42
Item number GEO-H
100 1# - MAIN ENTRY--PERSONAL NAME
Personal name George, Dralex
245 10 - TITLE STATEMENT
Title Happy habits :
Remainder of title 7 steps to build a happy life /
Statement of responsibility, etc Dralex George
260 ## - PUBLICATION, DISTRIBUTION, ETC. (IMPRINT)
Place of publication, distribution, etc London :
Name of publisher, distributor, etc Puffin Books,
Date of publication, distribution, etc 2025
300 ## - PHYSICAL DESCRIPTION
Extent 229 p.
546 ## - LANGUAGE NOTE
Language note Eng
650 ## - SUBJECT ADDED ENTRY--TOPICAL TERM
Topical term or geographic name as entry element Happiness
650 ## - SUBJECT ADDED ENTRY--TOPICAL TERM
Topical term or geographic name as entry element Well-being
650 ## - SUBJECT ADDED ENTRY--TOPICAL TERM
Topical term or geographic name as entry element Self-help techniques
650 ## - SUBJECT ADDED ENTRY--TOPICAL TERM
Topical term or geographic name as entry element Habit
942 ## - ADDED ENTRY ELEMENTS (KOHA)
Koha item type Books
Holdings
Withdrawn status Lost status Damaged status Home library Current library Date acquired Full call number Barcode Date last seen Price effective from Koha item type
      UMT Main Campus UMT Main Campus 2026-03-26 152.42 GEO-H 151823 2026-03-26 2026-03-26 Books